Weimarer Republik Kanzler - Statistiken

Allgemein
  • Dieses Quiz wurde 158 mal gespielt
  • Das Durchschnittsergebnis liegt bei 7 aus 15
Antwortstatistiken
Amtszeit Partei Antwort % Korrekt
1933-1945 NSDAP Adolf Hitler
89%
1918-1919 SPD Friedrich Ebert
78%
1932 Zentrum Franz von Papen
69%
1923 DVP Gustav Stresemann
63%
1930-1931 Zentrum Heinrich Brüning
63%
1919 SPD Philipp Scheidemann
61%
1932-1933 parteilos Kurt von Schleicher
60%
1920; 1928-1930 SPD Hermann Müller
54%
1923-1925; 1926-1928 Zentrum Wilhelm Marx
32%
1919-1920 SPD Gustav Bauer
30%
1921-1922 Zentrum Joseph Wirth
26%
1922-1923 parteilos Wilhelm Cuno
26%
1920-1921 Zentrum Constantin Fehrenbach
22%
1925-1926 parteilos Hans Luther
22%
1926 DDP Otto Geßler
12%
Keine übereinstimmenden Quizze gefunden
Verteilung der Resultate
Anzahl Personen mit jedem Resultat
Perzentil nach korrekt beantworteten Fragen
Ihre Resultats-Entwicklung
Sie haben dieses Quiz noch nicht gespielt